000 00814cam a2200241 i 4500
005 20180803165159.0
008 970406s1992 us a r 00110 eng d
020 _a0673463281
040 _ala
_cla
_dCO-BoIAVH
041 0 _aeng
082 0 4 _a333.7
_bT56e
100 1 _aTietenberg, Thomas H.
245 1 0 _aEnvironmental and natural resource economics /
_cTom Tietenberg.
250 _aTercera edición
260 _aNew York :
_bHarperCollins Publishers,
_c1992.
300 _axxvi, 678 páginas :
_bilustraciones ;
_c24 cm.
504 _aIncluye referencias bibliográficas e índice.
650 1 4 _aPolítica ambiental.
650 2 4 _aRecursos naturales
_x Política pública.
650 2 4 _aMaterias primas
_x Política pública.
942 _2ddc
_cLIBRO
949 _an
_bn
999 _c4318
_d4318